000 00883cam a2200253 4500
001 M98001
008 090401t1999 xxu||||| |||| 00| 0 eng d
035 _a(Sirsi) u92700
041 _aeng
050 _a333.0062
110 _aRoyal Institution of Chartered Surveyors
_94900
245 _aNeeds must : a consultation paper from The National and Local Networks Task Forces.
260 _aLondon
_bRICS
_c1999
300 _a5p. ; 30cm.
350 _a0
520 _aConsultation paper. Comments should be sent by 4 May 1999 to Adrian Britton, Head of Strategic Planning, RICS. Part of the Agenda for Change initiative.
650 _aAGENDA FOR CHANGE
650 _aLOCAL NETWORKS TASK FORCE
650 _aNATIONAL NETWORKS TASK FORCE
650 _aRICS MEMBERSHIP
690 _aMANAGEMENT-BUSINESS MANAGEMENT-PROFESSIONAL PRACTICE
942 _n0
948 _c13/04/1999
999 _c97773
_d97773